| 000 | 00373nam a2200145Ia 4500 | ||
|---|---|---|---|
| 008 | 240624s9999 xx 000 0 und d | ||
| 041 | _aeng | ||
| 082 | _a005.8 CHE | ||
| 100 | _aCHESWICK WILLIAM R | ||
| 245 | _aFIREWALLS AND INTERNET SECURITY REPELLIN | ||
| 250 | _a(2nd ed.) | ||
| 260 |
_c2004 _aDelhi _bPearson Education |
||
| 300 | _axx, : 433 : cm. ; 24 | ||
| 365 | _cRS | ||
| 999 |
_c1796 _d1796 |
||